[Event "Marienbad Open-A1 2019"]
[Site "Marianske Lazne"]
[Date "2019.01.21"]
[Round "3"]
[White "Cernousek, Lukas"]
[Black "Plat, Vojtech"]
[Result "1/2-1/2"]
[WhiteElo "2427"]
[BlackElo "2552"]
[Annotator "ChessBase"]
[PlyCount "45"]
[EventDate "2019.01.17"]
[EventType "tourn"]
[EventCountry "CZE"]
[SourceTitle "playchess.com"]
[Source "ChessBase"]
[SourceQuality "1"]
[TimeControl "40/5400+30:1800+30"]

1. d4 d6 {[%emt 0:13:34]} 2. Nf3 {[%emt 0:00:00]} Nf6 {[%emt 0:00:57]} 3. c4 {[%emt 0:00:00]} c6 {[%emt 0:00:09]} 4. g3 {[%emt 0:00:01]} Bf5 {[%emt 0:00:04]} 5. Bg2 {[%emt 0:00:17]} Nbd7 {[%emt 0:00:09]} 6. O-O {[%emt 0:00:23]} e5 {[%emt 0:00:07]} 7. Nc3 {[%emt 0:00:15]} Be7 {[%emt 0:00:23]} 8. Nh4 {[%emt 0:04:35]} Bg6 {[%emt 0:00:05]} 9. d5 {[%emt 0:13:16]} cxd5 {[%emt 0:00:22]} 10. Nxg6 {[%emt 0:00:42]} hxg6 {[%emt 0:00:10]} 11. Nxd5 {[%emt 0:00:30]} Nxd5 12. Qxd5 {[%emt 0:00:25]} Rb8 {[%emt 0:01:52]} 13. Be3 {[%emt 0:07:28]} b6 {[%emt 0:00:05]} 14. Qb5 O-O {[%emt 0:00:30]} 15. b4 {[%emt 0:29:24]} Nf6 {[%emt 0:00:21]} 16. Rfd1 {[%emt 0:06:23]} Qc8 {[%emt 0:01:08]} 17. Rac1 {[%emt 0:00:12]} Rd8 {[%emt 0:05:35]} 18. h3 {[%emt 0:04:18]} Rd7 {[%emt 0:00:55]} 19. Qa4 {[%emt 0:08:21]} Rc7 {[%emt 0:04:25]} 20. b5 {[%emt 0:00:23]} Qe6 {[%emt 0:01:07]} 21. Kh2 {[%emt 0:00:49]} e4 {[%emt 0:00:30]} 22. Rd4 {[%emt 0:02:17]} Qe5 {[%emt 0:06:51]} 23. Qd1 1/2-1/2

[Event "Marienbad Open-A1 2019"]
[Site "Marianske Lazne"]
[Date "2019.01.21"]
[Round "3"]
[White "Voloshin, Leonid"]
[Black "Gumularz, Szymon"]
[Result "0-1"]
[WhiteElo "2381"]
[BlackElo "2475"]
[Annotator "TA"]
[PlyCount "76"]
[EventDate "2019.01.17"]
[EventType "tourn"]
[EventCountry "CZE"]
[SourceTitle "playchess.com"]
[Source "ChessBase"]
[SourceQuality "1"]

{[%evp 18,76,45,35,45,46,53,57,55,25,112,16,53,0,0,0,16,-9,-17,-72,-68,-82,-64,-69,-70,-96,-95,-92,-95,-100,-95,-105,-122,-103,-91,-144,-82,-88,-77,-70,-84,-80,-82,-85,-73,-110,-100,-101,-95,-109,-110,-216,-108,-361,-360,-356,-261,-416,-409,-29989,-29990]} 1. d4 Nf6 2. c4 g6 3. g3 Bg7 4. Bg2 O-O 5. Nc3 d6 6. Nf3 Nbd7 7. O-O e5 8. Qc2 c6 9. e4 a6 10. h3 {LiveBook: 27 Games} exd4 {E69: King's Indian: Fianchetto: 6...Nbd7 7 0-0 e5 8 e4 c6 9 h3} 11. Nxd4 Ne5 12. b3 $1 b5 {White is slightly better.} 13. Rd1 $146 ({Predecessor:} 13. cxb5 axb5 14. Rd1 b4 15. Na4 c5 16. Nb5 Ba6 17. Nxd6 Bd3 18. Qxc5 Bxe4 19. Qxe5 Bxg2 20. Bh6 Ra5 21. Nc5 Qa8 22. Bxg7 Bxh3 23. Nde4 Rxc5 24. Nxf6+ Kxg7 25. Nd5+ {1-0 (25) Stangl,M (2457)-Wegener,D (2307) Austria 2001}) 13... bxc4 (13... c5 $1 $11 {keeps the balance.} 14. Nde2 b4) 14. bxc4 (14. f4 $16) 14... Qc7 15. c5 (15. Rb1 $14) 15... dxc5 $11 16. Nde2 c4 17. Ba3 Re8 18. Qa4 (18. Na4 $11) 18... Qa7 $36 {[%mdl 2048] Black has good play.} 19. Bc1 {[#]} Bf8 $1 20. Be3 Bc5 21. Bxc5 Qxc5 22. Qc2 Rb8 23. Rab1 Rxb1 24. Nxb1 Nfd7 25. Nc1 h5 26. Kh2 (26. Qc3 $142) 26... Nd3 ({Better is} 26... g5 27. Kg1 Ng6) 27. f4 {[#]} h4 $1 {[%mdl 512]} 28. Nxd3 (28. gxh4 Nxf4) 28... hxg3+ $1 29. Kxg3 cxd3 30. Qxd3 Nf6 {And now ...Nh5+ would win.} 31. Bf3 {[#]} Nh5+ $1 32. Bxh5 Qxh5 33. Rh1 g5 {[%cal Bg6g5,Bg5f4][%mdl 32]} 34. Qf3 (34. fxg5 $17 Qxg5+ 35. Kh2 Qf4+ 36. Qg3+ Qxg3+ 37. Kxg3) 34... Qh4+ (34... gxf4+ $19 35. Kg2 Qg6+ 36. Kf2 Qxe4 37. Qxe4 Rxe4) 35. Kg2 $2 {[%mdl 8192]} (35. Kh2 $17 {is the only way for White.}) 35... gxf4 $19 36. Rg1 Kh8 {Strongly threatening ...Bxh3+!} 37. Kh2 {[#]} (37. Kf1 $142) 37... Rxe4 $1 {[%mdl 512]} 38. Qg2 (38. Qc3+ $19 f6 39. Qd3 Re2+ 40. Rg2 Rxg2+ 41. Kxg2 Qg5+ 42. Kf1) (38. Qxe4 Qxh3#) 38... Re2 $1 {Precision: White = 34%, Black = 58%.} 0-1

[Event "Marienbad Open-A1 2019"]
[Site "Marianske Lazne"]
[Date "2019.01.21"]
[Round "3"]
[White "Simek, Petr"]
[Black "Ajay Krishna, S."]
[Result "1-0"]
[WhiteElo "2330"]
[BlackElo "2289"]
[Annotator "NA"]
[PlyCount "69"]
[EventDate "2019.01.17"]
[EventType "tourn"]
[EventCountry "CZE"]
[SourceTitle "playchess.com"]
[Source "ChessBase"]
[SourceQuality "1"]
[TimeControl "40/5400+30:1800+30"]

1. d4 {[%emt 0:00:00]} Nf6 {[%emt 0:00:16]} 2. c4 {[%emt 0:00:00]} c5 {[%emt 0:00:13]} 3. d5 {[%emt 0:00:00]} b5 {[%emt 0:00:18]} 4. cxb5 {[%emt 0:00:00]} a6 {[%emt 0:00:09]} 5. bxa6 {[%emt 0:00:02]} e6 {[%emt 0:00:13]} 6. Nc3 {[%emt 0:00:14] A58: Benko/Volga Gambit: Lines with 5 bxa6} exd5 {[%emt 0:00:13]} 7. Nxd5 {[%emt 0:00:06]} Nxa6 {[%emt 0:00:15]} (7... Be7 8. Nf3 Nxd5 9. Qxd5 Rxa6 10. e4 Rd6 11. Qb3 Rb6 12. Qc2 O-O 13. Bc4 Nc6 {0-1 (38) Parligras,M (2645)-Nisipeanu,L (2674) Bucharest 2018}) 8. e4 {[%emt 0:00:21]} Nxd5 {[%emt 0:02:03]} 9. Qxd5 {[%emt 0:00:08]} Nc7 {[%emt 0:00:31]} 10. Qe5+ {[%emt 0:00:21]} Ne6 {[%emt 0:00:37]} 11. Bc4 $146 {[%emt 0:00:19]} ({Predecessor:} 11. Nf3 Bb7 12. Bd3 Be7 13. O-O O-O {½-½ (32) Amico,R (2393)-Acevedo Villalba,A (2558) ICCF email 2012}) 11... Be7 {[%emt 0:01:30]} 12. Ne2 {[%emt 0:00:19]} O-O {[%emt 0:05:47]} 13. O-O {[%emt 0:00:20]} Bb7 {[%emt 0:01:46]} 14. Rd1 {[%emt 0:16:50]} Ra4 {[%emt 0:12:05]} 15. Bd5 {[%emt 0:03:39]} Bf6 {[%emt 0:03:13]} 16. Qf5 {[%emt 0:02:17]} Ba6 {[%emt 0:03:10]} 17. Nc3 {[%emt 0:02:10]} Nd4 {[%emt 0:00:50]} 18. Qg4 {[%emt 0:06:27]} Rb4 {[%emt 0:07:43]} 19. Rb1 {[%emt 0:00:49]} Ne6 {[%emt 0:03:16]} 20. Be3 {[%emt 0:04:18]} Qb8 {[%emt 0:07:46]} 21. Bb3 $1 {[%emt 0:15:41]} Be5 {[%emt 0:19:08]} 22. Nd5 {[%emt 0:03:39]} Rb7 {[%emt 0:00:25]} 23. f4 {[%emt 0:18:04]} Bd4 {[%emt 0:00:45]} 24. Bxd4 {[%emt 0:02:59]} Nxd4 {[%emt 0:00:16]} 25. Ne7+ {[%emt 0:00:11]} Kh8 {[%emt 0:00:12]} 26. Nf5 {[%emt 0:02:18]} Nxf5 {[%emt 0:01:46]} 27. Qxf5 {[%emt 0:00:06]} Rb6 $2 {[%emt 0:05:08]} (27... c4 $14 28. Bc2 Rxb2) 28. Qxc5 {[%emt 0:01:45]} Rf6 {[%emt 0:00:59]} 29. Rxd7 {[%emt 0:02:50]} Rxf4 {[%emt 0:00:14]} 30. Qd6 {[%emt 0:00:21]} Rxe4 {[%emt 0:00:52]} 31. Qxa6 {[%emt 0:02:28]} Qe8 {[%emt 0:01:01]} 32. Rbd1 {[%emt 0:01:47]} h5 {[%emt 0:00:27]} 33. R7d5 {[%emt 0:03:02]} f5 {[%emt 0:00:55]} 34. Rd6 {[%emt 0:04:16]} Qe5 {[%emt 0:01:14]} 35. Rh6+ {[%emt 0:00:35]} 1-0

[Event "Marienbad Open-A1 2019"]
[Site "Marianske Lazne"]
[Date "2019.01.21"]
[Round "3"]
[White "Oboladze, Luka"]
[Black "Makarian, Rudik"]
[Result "0-1"]
[WhiteElo "2295"]
[BlackElo "2354"]
[Annotator "NA"]
[PlyCount "56"]
[EventDate "2019.01.17"]
[EventType "tourn"]
[EventCountry "CZE"]
[SourceTitle "playchess.com"]
[Source "ChessBase"]
[SourceQuality "1"]
[TimeControl "40/5400+30:1800+30"]

1. d4 {[%emt 0:00:00]} Nf6 {[%emt 0:00:00]} 2. c4 {[%emt 0:00:00]} e6 {[%emt 0:00:00]} 3. Nf3 {[%emt 0:00:00]} b6 {[%emt 0:00:00]} 4. g3 {[%emt 0:00:00]} Bb7 {[%emt 0:00:00]} 5. Bg2 {[%emt 0:00:00]} Be7 {[%emt 0:00:00]} 6. O-O {[%emt 0:00:04]} O-O {[%emt 0:00:00]} 7. Re1 {[%emt 0:00:07]} d5 {[%emt 0:00:01]} 8. cxd5 {[%emt 0:03:21]} exd5 {[%emt 0:00:05]} 9. Nc3 {[%emt 0:00:13]} Na6 {[%emt 0:00:14]} 10. Ne5 {[%emt 0:00:52] LiveBook: 46 Games} c5 {[%emt 0:02:01]} 11. Bf4 {[%emt 0:09:34]} Ne4 {[%emt 0:01:05] E17: Queen's Indian: 4 g3 Bb7 5 Bg2 Be7} 12. Qa4 $146 {[%emt 0:10:09]} ({Predecessor:} 12. dxc5 Bxc5 13. Nxe4 dxe4 14. Nd7 Re8 15. Nxc5 Nxc5 16. Be3 Qe7 17. Rc1 Rac8 18. Qd2 Qe6 19. b3 {½-½ (31) Ju,W (2567)-Kosteniuk,A (2557) Huaian 2017}) 12... Qe8 {[%emt 0:17:36]} 13. Qxe8 {[%emt 0:17:16]} Rfxe8 {[%emt 0:00:15]} 14. Nb5 {[%emt 0:00:36]} cxd4 {[%emt 0:02:30]} 15. Nd3 {[%emt 0:10:13]} Bf6 {[%emt 0:09:32]} 16. h4 {[%emt 0:15:06]} Bc6 {[%emt 0:03:07]} 17. a4 {[%emt 0:01:09]} Nec5 {[%emt 0:01:34]} 18. Bd6 {[%emt 0:05:02] [#]} Nxa4 $1 {[%emt 0:02:24]} 19. Nc7 {[%emt 0:06:19]} Nxc7 {[%emt 0:00:09]} 20. Bxc7 {[%emt 0:00:01]} Rac8 {[%emt 0:03:15]} 21. Nb4 {[%emt 0:00:58]} Rxc7 {[%emt 0:00:19]} 22. Nxc6 {[%emt 0:00:12]} Rxc6 {[%emt 0:00:07]} 23. Rxa4 {[%emt 0:00:11]} d3 {[%emt 0:00:04]} 24. Bxd5 {[%emt 0:03:57]} d2 {[%emt 0:00:16]} 25. Rd1 {[%emt 0:00:13]} Rc1 {[%emt 0:00:06]} 26. Bb3 {[%emt 0:00:04]} Rxe2 $19 {[%emt 0:00:26]} 27. Rxa7 {[%emt 0:01:19]} h5 {[%emt 0:00:36]} 28. Bxf7+ {[%emt 0:03:00]} Kh7 {[%emt 0:00:07]} 0-1

[Event "Marienbad Open-A1 2019"]
[Site "Marianske Lazne"]
[Date "2019.01.22"]
[Round "4"]
[White "Cernousek, Lukas"]
[Black "Simek, Petr"]
[Result "1-0"]
[WhiteElo "2427"]
[BlackElo "2330"]
[Annotator "TA"]
[PlyCount "81"]
[EventDate "2019.01.17"]
[EventType "tourn"]
[EventCountry "CZE"]
[SourceTitle "playchess.com"]
[Source "ChessBase"]
[SourceQuality "1"]

{[%evp 33,81,32,25,25,28,32,32,36,32,35,32,35,36,18,34,41,66,63,83,94,137,123,116,114,127,118,856,842,800,750,729,720,811,833,920,923,916,895,29979,29979,29975,29978,29988,29989,29989,29990,29990,29991,29992,29993]} 1. e4 e5 2. Nf3 Nc6 3. Bb5 a6 4. Ba4 Nf6 5. O-O Be7 6. Re1 b5 7. Bb3 O-O 8. c3 d5 9. exd5 Nxd5 10. Nxe5 Nxe5 11. Rxe5 c6 12. d4 Bd6 13. Re1 Qh4 14. g3 Qh3 15. Qe2 {C89: Closed Ruy Lopez: Marshall Attack} (15. Be3 Bg4 16. Qd3 f5 17. f4 Rae8 18. Nd2 g5 19. Qf1 Qh5 20. Qg2 gxf4 21. Bxd5+ cxd5 22. Qxd5+ Kg7 23. Bxf4 Bxf4 24. gxf4 Kh8 25. Nf1 Bf3 26. Ng3 Qg4 27. Rxe8 Bxd5 28. Rxf8+ Kg7 29. Rxf5 Qf3 30. Rg5+ Kf8 31. Rf5+ Kg8 32. Rg5+ Kf8 33. Rf5+ {½-½ (33) Ivanchuk,V (2757)-Carlsen,M (2851) Leuven 2017}) 15... Bg4 16. Qf1 Qh5 17. Nd2 Rae8 {LiveBook: 18 Games} 18. Rxe8 Rxe8 19. f3 $1 {[%cal Rf3g4]} Bh3 20. Qf2 Bf5 21. Nf1 {[%cal Bd2f1,Bf1e3,Be3g2,Bg2f4][%mdl 32]} Qg6 22. Bxd5 cxd5 23. Ne3 $36 {[%mdl 2048] White has the initiative.} Bd3 24. Bd2 {[%cal Bc1d2,Bd2f4,Bf4c7][%mdl 32]} ({Wrong is} 24. Nxd5 $2 Re2 $19) 24... h5 $146 ({Predecessor:} 24... Bb1 25. f4 Be4 26. f5 Qh5 27. a4 Be7 28. g4 Qg5 29. axb5 axb5 {½-½ (29) Rohs,R (2320)-Roebuck,D (2326) ICCF email 2016}) 25. Re1 Rd8 26. Ng2 a5 27. Bf4 Bf8 28. Bc7 Rc8 29. Nf4 {[%mdl 64] [#] Double Attack} Rxc7 $4 {[%mdl 8192]} (29... Qa6 $16) 30. Nxg6 $18 Bxg6 31. Re5 b4 32. Qe3 bxc3 33. bxc3 Rb7 34. Rxd5 Rb1+ 35. Kg2 Ba3 36. Rd8+ {White mates.} Kh7 37. Qe8 {[%csl Gd8][%cal Re8h8]} Bd3 38. Qxf7 {[%cal Rf7h5]} Rb2+ 39. Kg1 {[%cal Rf7h5]} Rb1+ 40. Kf2 {[%cal Rf7h5]} Rf1+ 41. Kg2 {Accuracy: White = 100%, Black = 35%.} 1-0

[Event "Marienbad Open-A1 2019"]
[Site "Marianske Lazne"]
[Date "2019.01.22"]
[Round "4"]
[White "Rakesh Kumar Jena"]
[Black "Voloshin, Leonid"]
[Result "1-0"]
[WhiteElo "2426"]
[BlackElo "2381"]
[Annotator "TA"]
[PlyCount "67"]
[EventDate "2019.01.17"]
[EventType "tourn"]
[EventCountry "CZE"]
[SourceTitle "playchess.com"]
[Source "ChessBase"]
[SourceQuality "1"]

{[%evp 9,67,10,53,51,58,29,53,12,34,95,82,56,66,6,0,16,64,50,48,82,72,0,0,11,0,13,72,91,605,92,610,587,589,587,4898,2564,29978,29974,29987,29988,29989,29989,29990,29984,29984,2491,29989,29990,29990,6300,29946,731,29945,12847,6636,6385,6016,5932,29978,29979]} 1. d4 Nf6 2. Bf4 g6 3. Nc3 d5 4. e3 c6 5. Nf3 Bg4 (5... Bg7 6. h3 Bf5 7. g4 Be4 8. g5 Bxf3 9. Qxf3 Nh5 10. Bh2 Nd7 11. h4 e5 12. O-O-O O-O 13. Be2 f5 {0-1 (78) Vitiugov,N (2719)-Vishnu,P (2518) St Petersburg 2018}) 6. h3 {D00: 1 d4 d5: Unusual lines} Bxf3 7. Qxf3 Bg7 8. O-O-O {White is slightly better.} O-O 9. g4 b5 {[%cal Bb7b5,Bb5b4][%mdl 32]} 10. Bd3 b4 $146 ({Predecessor:} 10... Qa5 11. Kb1 Nbd7 12. h4 Rfe8 13. Qg3 b4 {1-0 (35) Santos Latasa,J (2256)-Berbatov,K (2398) Fermo 2009}) 11. Ne2 ({White should try} 11. Na4 $1 $14) 11... Nbd7 12. h4 c5 13. g5 $36 {[%mdl 2048] White has good play.} Nh5 {aiming for ...c4.} 14. Qxd5 cxd4 15. Nxd4 (15. Be4 $16 Rc8 16. Nxd4 (16. exd4 Nxf4 17. Nxf4 Nb6 $16) 16... Nxf4 17. exf4) 15... Nxf4 $11 16. exf4 {Strongly threatening Nc6.} Qc7 17. Kb1 {Threatens to win with h5.} Qxf4 (17... Nb6 $11 18. Qc6 Qxf4) 18. Nc6 $16 {[%cal Bd4c6,Bc6e7,Be7g6][%mdl 32]} ({Stronger than} 18. Qxd7 Rfd8 $17) 18... Ne5 $2 {[%mdl 8192]} (18... Nb6 $16 19. Qb5 (19. Nxe7+ Kh8 $16) 19... e6) 19. Nxe7+ $18 Kh8 {[#]} 20. h5 $1 {[%cal Bh4h5,Bh5g6][%mdl 32] And now hxg6 would win.} Rae8 {[#]} 21. Nxg6+ $1 {[%mdl 512]} fxg6 22. hxg6 {[%csl Gd3,Gg6][%cal Rh1h7]} h6 23. gxh6 Bxh6 24. Qb7 {[%csl Gd3,Gg6][%cal Rb7h7]} Nf7 25. Rdg1 Rg8 26. Rxh6+ {[%mdl 64] Clearance} Qxh6 27. Rh1 (27. Qxf7 $142 Rb8 28. Qd5 Rbe8 29. Qc6 Qh5 30. Qd7 Rxg6 31. Qxe8+ {[%mdl 64] Double Attack, Pin} Kg7 32. Bxg6) 27... Re1+ 28. Rxe1 Nd6 29. Rh1 (29. Qe7 $142 Ne8 30. Bc4 b3 31. axb3 Ng7 32. Bxg8 Qxg6 33. Bc4 Nh5 34. Bd3) 29... Nxb7 30. Rxh6+ Kg7 31. Rh7+ Kf6 32. Rf7+ Kg5 33. Rxb7 Re8 34. b3 {Accuracy: White = 67%, Black = 44%.} 1-0

[Event "Marienbad Open-A1 2019"]
[Site "Marianske Lazne"]
[Date "2019.01.22"]
[Round "4"]
[White "Makarian, Rudik"]
[Black "Chernyshov, Konstantin"]
[Result "0-1"]
[WhiteElo "2354"]
[BlackElo "2500"]
[Annotator "TA"]
[PlyCount "95"]
[EventDate "2019.01.17"]
[EventType "tourn"]
[EventCountry "CZE"]
[SourceTitle "playchess.com"]
[Source "ChessBase"]
[SourceQuality "1"]

{[%evp 18,95,12,5,11,4,10,2,26,0,0,-5,8,8,3,3,8,0,0,-3,0,0,0,-54,-54,-62,-63,-63,-63,-63,-63,-66,-67,-75,-63,-82,-57,-87,-90,-339,-70,-87,-66,-87,-36,-71,-50,-91,-36,-36,-36,-36,-25,-33,0,-33,-33,-49,-33,-104,-122,-151,-153,-397,-385,-345,-275,-269,-269,-262,-200,-414,-410,-407,-407,-400,-391,-2645,-520,-6533]} 1. g3 e5 2. Bg2 c5 3. c4 Nc6 4. Nc3 d6 5. d3 g6 6. Nf3 Bg7 7. O-O Nge7 8. Rb1 O-O 9. a3 f5 10. Bg5 h6 {A37: Symmetrical English vs ...g6: 4 Bg2 Bg7 5 Nf3} 11. Bxe7 Qxe7 (11... Nxe7 12. Nd2 Rb8 13. Qa4 Bd7 14. Qxa7 e4 15. dxe4 f4 16. e5 Bxe5 17. Nd5 fxg3 18. hxg3 {1-0 (36) Markowski,T (2568)-Kharlov,A (2627) Saint Vincent 2000}) 12. b4 $146 ({Predecessor:} 12. Nd5 Qf7 13. b4 Rb8 14. Nd2 Bd7 15. b5 Nd4 16. e3 Ne6 17. f4 exf4 18. gxf4 {1-0 (39) Biebinger,G (2335)-Muehlberg,F Bad Wiessee 1998}) 12... Kh7 {The position is equal.} (12... Be6 $5 {[%cal Re5e4]}) 13. Ne1 {[%cal Bf3e1,Be1c2,Bc2e3,Be3d5][%mdl 32]} Be6 14. Nc2 Rac8 15. Ne3 b6 16. Ned5 Qd7 17. b5 Na5 18. e3 e4 19. dxe4 Nxc4 20. Qe2 (20. Rc1 $11) 20... Nxa3 $15 21. Rb3 Bxc3 $1 {[%mdl 64] Pin} 22. Rxa3 Bxd5 23. exd5 Bg7 24. Qc4 Rc7 25. Re1 Qf7 26. Ra2 Re7 27. f4 Rfe8 28. Qd3 $2 {[#]} (28. Kf2 $17 {keeps fighting.}) 28... Qf6 $2 (28... Rxe3 $1 $19 {[%mdl 512]} 29. Rxe3 (29. Qxe3 Rxe3) 29... Rxe3) 29. Kf2 Kh8 30. h4 h5 (30... Qc3 $17 31. Qxc3 Bxc3) 31. Ree2 Kh7 32. Ra4 Qf7 (32... Qc3 $17 33. Qxc3 Bxc3) 33. Bf3 Kh6 $36 {[%mdl 2048] Black is pushing.} 34. Kg2 Rc8 35. Qc2 Rce8 36. Qd3 Bf6 37. Kf2 Rc8 38. Kg2 (38. e4 $15) 38... Qe8 $17 39. Qb3 {[#]} Bd4 $1 {[%cal Re7e3][%mdl 512]} 40. Kf2 $2 {[#]} (40. Qa3 $17) (40. exd4 Rxe2+) 40... c4 $1 $19 {[%cal Rc4b3][%mdl 512]} 41. Qa3 (41. Rxc4 Rxe3) 41... Bc5 42. Qc3 a5 43. Raa2 Kh7 44. Qf6 $2 (44. Kg2 {only move.}) 44... Rcc7 45. Kg2 Rxe3 46. Kh3 {White hopes to continue with Rxe3.} Qe7 47. Red2 $2 (47. Qxe7+ Rcxe7 48. Rxe3 Rxe3 49. Be2) 47... Rd3 (47... Qxf6 $142 48. Kg2 c3) 48. Re2 {Accuracy: White = 38%, Black = 48%.} (48. Qxe7+ $142 Rxe7 49. Re2) 0-1

[Event "Marienbad Open-A1 2019"]
[Site "Marianske Lazne"]
[Date "2019.01.22"]
[Round "4"]
[White "Ajay Krishna, S."]
[Black "Oboladze, Luka"]
[Result "0-1"]
[WhiteElo "2289"]
[BlackElo "2295"]
[Annotator "NA"]
[PlyCount "118"]
[EventDate "2019.01.17"]
[EventType "tourn"]
[EventCountry "CZE"]
[SourceTitle "playchess.com"]
[Source "ChessBase"]
[SourceQuality "1"]
[TimeControl "40/5400+30:1800+30"]

1. Nf3 {[%emt 0:00:04]} c5 {[%emt 0:00:00]} 2. c4 {[%emt 0:00:09]} Nc6 {[%emt 0:00:00]} 3. Nc3 {[%emt 0:00:21]} g6 {[%emt 0:00:07]} 4. e3 {[%emt 0:00:13]} Nf6 {[%emt 0:00:15]} 5. d4 {[%emt 0:00:12]} cxd4 {[%emt 0:00:11]} 6. exd4 {[%emt 0:00:03]} d5 {[%emt 0:00:12]} 7. cxd5 {[%emt 0:00:24]} Nxd5 {[%emt 0:00:10]} 8. Qb3 {[%emt 0:00:20]} Nxc3 {[%emt 0:00:25]} 9. Bc4 {[%emt 0:00:09]} e6 {[%emt 0:01:58]} 10. bxc3 {[%emt 0:00:19]} Bg7 {[%emt 0:00:59]} 11. Ba3 {[%emt 0:00:28]} Bf8 {[%emt 0:00:34]} 12. Bxf8 {[%emt 0:03:13]} Kxf8 {[%emt 0:00:08]} 13. O-O {[%emt 0:00:25] A35: Symmetrical English: 2 Nc3 Nc6 3 Nf3} (13. Bd3 b6 14. Be4 Bb7 15. O-O Kg7 16. Qb5 Rc8 17. Rad1 Re8 18. c4 Na5 19. Bxb7 Nxb7 20. c5 Re7 {1-0 (81) Grachev,B (2680)-Khismatullin,D (2664) Tyumen 2012}) 13... Kg7 {[%emt 0:02:28]} 14. Qb2 {[%emt 0:03:50]} b6 {[%emt 0:11:46]} 15. Rfe1 {[%emt 0:08:57]} Bb7 {[%emt 0:02:06] [#]} 16. Bf1 $146 {[%emt 0:00:30]} ({Predecessor:} 16. Rad1 Qf6 17. Nd2 Ne7 18. Bd3 Rab8 19. Ne4 Bxe4 20. Bxe4 Rbc8 {1-0 (33) Strikovic,A (2557)-Lopez,J (2271) Marrakesh 2010}) 16... Qf6 {[%emt 0:03:54]} 17. a4 {[%emt 0:04:54]} Rhc8 {[%emt 0:08:29]} 18. c4 {[%emt 0:28:56]} Rc7 {[%emt 0:03:12]} 19. Ne5 {[%emt 0:10:15]} Rd8 {[%emt 0:04:01]} 20. Rad1 {[%emt 0:01:58]} Nxe5 {[%emt 0:05:22]} 21. dxe5 {[%emt 0:00:08]} Qg5 {[%emt 0:01:34]} 22. Rd6 {[%emt 0:01:02]} Rdc8 {[%emt 0:00:52]} 23. a5 {[%emt 0:01:46]} bxa5 {[%emt 0:11:11]} 24. Qb5 {[%emt 0:00:32]} a6 {[%emt 0:07:41]} 25. Qb6 {[%emt 0:00:13]} a4 {[%emt 0:01:07]} 26. Rd3 {[%emt 0:02:43]} Ba8 {[%emt 0:05:56]} 27. Rg3 {[%emt 0:06:10]} Qd2 {[%emt 0:02:42]} 28. Rge3 {[%emt 0:02:27]} a5 {[%emt 0:01:29]} 29. R3e2 {[%emt 0:01:56]} Qb4 {[%emt 0:01:11]} 30. Qe3 {[%emt 0:00:07]} Rxc4 {[%emt 0:01:12]} 31. Qg5 {[%emt 0:00:07]} Rf4 {[%emt 0:00:50]} 32. Re3 {[%emt 0:01:01]} h6 {[%emt 0:00:38]} 33. Qg3 {[%emt 0:00:09]} Rg4 {[%emt 0:00:27]} 34. Qh3 {[%emt 0:00:02]} Rh4 {[%emt 0:00:31]} 35. Qg3 {[%emt 0:00:02]} Qf4 {[%emt 0:00:24]} 36. Ra3 {[%emt 0:00:03]} Qxg3 {[%emt 0:00:34]} 37. hxg3 {[%emt 0:00:01]} Rb4 {[%emt 0:00:16]} 38. Rea1 {[%emt 0:00:11]} Rc5 {[%emt 0:00:25]} 39. f4 {[%emt 0:01:01]} Bc6 {[%emt 0:00:11]} 40. Be2 {[%emt 0:00:12]} g5 {[%emt 0:01:45]} 41. Rf1 {[%emt 0:30:09]} Rb3 {[%emt 0:30:38]} 42. Ra2 {[%emt 0:00:21]} Rxg3 {[%emt 0:00:25]} 43. Bh5 {[%emt 0:00:06]} Be8 {[%emt 0:07:01]} 44. f5 {[%emt 0:00:23]} exf5 {[%emt 0:00:49]} 45. Re1 {[%emt 0:00:53]} Rgc3 {[%emt 0:00:57]} 46. e6 {[%emt 0:00:22]} Rc1 {[%emt 0:00:25]} 47. Rae2 {[%emt 0:00:02]} Rxe1+ {[%emt 0:00:15]} 48. Rxe1 {[%emt 0:00:02]} Kf6 {[%emt 0:00:49]} 49. Kf2 {[%emt 0:00:18]} Rc2+ $19 {[%emt 0:01:08]} 50. Kg3 {[%emt 0:00:37]} Rc6 {[%emt 0:00:07]} 51. exf7 {[%emt 0:00:10]} Bxf7 {[%emt 0:00:07]} 52. Bxf7 {[%emt 0:00:03]} Kxf7 {[%emt 0:00:05]} 53. Re5 {[%emt 0:00:03]} f4+ {[%emt 0:00:12]} 54. Kg4 {[%emt 0:00:06]} Ra6 {[%emt 0:00:10]} 55. Rc5 {[%emt 0:00:10]} a3 {[%emt 0:00:12]} 56. Rc3 {[%emt 0:00:02]} a2 {[%emt 0:00:05]} 57. Ra3 {[%emt 0:00:03]} a4 {[%emt 0:00:04]} 58. Rxa2 {[%emt 0:00:06]} a3 {[%emt 0:00:02]} 59. Kh5 {[%emt 0:00:05]} Kg7 {[%emt 0:00:24]} 0-1